[Event "Schloss op 1st"]
[Site "Heusenstamm"]
[Date "2014.11.21"]
[Round "2.23"]
[White "Hoti, Safet"]
[Black "Kolker, Vladislav"]
[Result "1/2-1/2"]
[WhiteElo "2107"]
[BlackElo "1982"]
[PlyCount "26"]
[EventDate "2014.11.??"]
[EventType "swiss"]
[EventRounds "7"]
[EventCountry "GER"]
[WhiteTeam "SC Heusenstamm"]
[BlackTeam "SC Bad Nauheim"]

1. d4 Nf6 2. c4 g6 3. Nc3 Bg7 4. e4 d6 5. Be2 O-O 6. Be3 Na6 7. h3 e5 8. dxe5
dxe5 9. Nf3 c6 10. O-O Nh5 11. Qc2 Nf4 12. Rfd1 Qe7 13. Bf1 f5 1/2-1/2

[Event "Schloss op 1st"]
[Site "Heusenstamm"]
[Date "2014.11.21"]
[Round "2.24"]
[White "Stock, Juergen"]
[Black "Kreiling, Carsten"]
[Result "0-1"]
[WhiteElo "1941"]
[BlackElo "2097"]
[PlyCount "48"]
[EventDate "2014.11.??"]
[EventType "swiss"]
[EventRounds "7"]
[EventCountry "GER"]
[WhiteTeam "SC Eschborn 1974"]
[BlackTeam "SVG Eppstein 1932"]

1. d4 c5 2. e3 d5 3. c3 Nc6 4. f4 Nf6 5. Bd3 Qc7 6. Nf3 Bg4 7. O-O e6 8. Qe1
Bxf3 9. Rxf3 Be7 10. Nd2 O-O-O 11. b3 Kb8 12. Bb2 Rc8 13. Rf1 Rhd8 14. Qe2 Bd6
15. Kh1 cxd4 16. cxd4 Nb4 17. Bb1 Qb6 18. Nf3 Qa6 19. Qd1 Ng4 20. a3 Nxe3 21.
axb4 Qxf1+ 22. Qxf1 Nxf1 23. g3 Bxb4 24. Bd3 Bc3 0-1

[Event "Schloss op 1st"]
[Site "Heusenstamm"]
[Date "2014.11.21"]
[Round "2.25"]
[White "Henrich, David"]
[Black "Wolff, Peter"]
[Result "1-0"]
[WhiteElo "2093"]
[BlackElo "1957"]
[PlyCount "147"]
[EventDate "2014.11.??"]
[EventType "swiss"]
[EventRounds "7"]
[EventCountry "GER"]
[WhiteTeam "SK Niederbrechen 1948"]
[BlackTeam "VSG 1880 Offenbach"]

1. c4 c6 2. Nf3 d5 3. b3 Nf6 4. Bb2 Bf5 5. g3 e6 6. Bg2 Nbd7 7. O-O Be7 8. d3
h6 9. Nbd2 O-O 10. Rc1 a5 11. cxd5 exd5 12. Re1 Re8 13. e4 dxe4 14. dxe4 Bh7
15. Nd4 Nc5 16. e5 Nfd7 17. e6 Nxe6 18. Rxe6 fxe6 19. Nxe6 Qb6 20. Nc4 Qa7 21.
Qxd7 Bf5 22. Qd4 Bf6 23. Qxa7 Rxa7 24. Bxf6 Rxe6 25. Bd4 Ra8 26. Bb6 a4 27. Ne3
Bd3 28. Bh3 Re7 29. Bc5 Ree8 30. Bd7 Re5 31. f4 Re4 32. Rd1 axb3 33. axb3 Be2
34. Rd2 Bh5 35. Kf2 Kh8 36. g4 Rxf4+ 37. Kg3 Rf7 38. Bf5 Re8 39. Bd4 Kg8 40.
Bd3 Rd7 41. gxh5 Rxd4 42. Bc4+ Rxc4 43. Nxc4 b5 44. Na5 c5 45. Kf4 Ra8 46. Nb7
c4 47. bxc4 bxc4 48. Rc2 Ra3 49. Kg4 c3 50. Nc5 Kf7 51. Ne4 Ra4 52. Kf3 Ra5 53.
Ng3 Rc5 54. Ke3 g6 55. Kd4 Rc6 56. Rxc3 Rxc3 57. Kxc3 gxh5 58. Kd4 h4 59. Nf5
Kg6 60. Ke4 Kg5 61. h3 h5 62. Ke5 Kg6 63. Kf4 Kf6 64. Nxh4 Kg7 65. Kg5 Kh7 66.
Kxh5 Kh8 67. Kg6 Kg8 68. Nf5 Kh8 69. Nd6 Kg8 70. h4 Kh8 71. h5 Kg8 72. h6 Kh8
73. Nf7+ Kg8 74. h7+ 1-0

[Event "Schloss op 1st"]
[Site "Heusenstamm"]
[Date "2014.11.21"]
[Round "2.26"]
[White "Klebs, Sebastian"]
[Black "Werner, Dimo"]
[Result "1/2-1/2"]
[WhiteElo "1930"]
[BlackElo "2083"]
[PlyCount "24"]
[EventDate "2014.11.??"]
[EventType "swiss"]
[EventRounds "7"]
[EventCountry "GER"]
[WhiteTeam "Karlsruher SF"]
[BlackTeam "TSV Schott Mainz"]

1. e4 d5 2. exd5 Qxd5 3. Nc3 Qd8 4. d4 Nf6 5. Bc4 g6 6. Nf3 Bg7 7. O-O O-O 8.
h3 Nbd7 9. Re1 Nb6 10. Bb3 c6 11. Qe2 a5 12. a4 Re8 1/2-1/2

[Event "Schloss op 1st"]
[Site "Heusenstamm"]
[Date "2014.11.21"]
[Round "2.27"]
[White "Schulte, Marius"]
[Black "Libuda, Thomas"]
[Result "1-0"]
[WhiteElo "2081"]
[BlackElo "1924"]
[PlyCount "53"]
[EventDate "2014.11.??"]
[EventType "swiss"]
[EventRounds "7"]
[EventCountry "GER"]
[WhiteTeam "SK Gruendau"]
[BlackTeam "1 Hainstaedter SC 1950"]

1. d4 g6 2. Nf3 Bg7 3. g3 d6 4. Bg2 Nc6 5. O-O Nf6 6. c4 O-O 7. d5 Nb8 8. Nc3
Bg4 9. Nd4 Qc8 10. Re1 a6 11. b3 Bh3 12. Bh1 Ng4 13. Bb2 Nd7 14. e4 Rb8 15.
Nce2 g5 16. Qd2 f6 17. Ne6 Nxf2 18. Kxf2 Bxe6 19. dxe6 Ne5 20. Nd4 c5 21. Nf5
Qxe6 22. Kg1 Qf7 23. Bxe5 dxe5 24. Rad1 e6 25. Nxg7 Qxg7 26. Qd7 b5 27. Qxe6+
1-0

[Event "Schloss op 1st"]
[Site "Heusenstamm"]
[Date "2014.11.21"]
[Round "2.28"]
[White "Lotz, Ralf"]
[Black "Schloessner, Henrik"]
[Result "1/2-1/2"]
[WhiteElo "1895"]
[BlackElo "1938"]
[PlyCount "50"]
[EventDate "2014.11.??"]
[EventType "swiss"]
[EventRounds "7"]
[EventCountry "GER"]
[WhiteTeam "SC 1952 Obertshausen"]
[BlackTeam "SK Gruendau"]

1. d4 Nf6 2. Nf3 g6 3. c4 Bg7 4. Nc3 O-O 5. g3 d6 6. Bg2 c6 7. Bg5 Nbd7 8. Qd2
Re8 9. e4 Qc7 10. O-O e5 11. dxe5 dxe5 12. Rfd1 Nc5 13. Ne1 Bg4 14. Qd6 Qb6 15.
Bxf6 Re6 16. Qd2 Bxf6 17. Bf3 Bxf3 18. Nxf3 Rd8 19. Qc2 Red6 20. Rxd6 Rxd6 21.
Rd1 Qd8 22. Rxd6 Qxd6 23. Qd2 Be7 24. Qxd6 Bxd6 25. Ne1 a5 1/2-1/2

[Event "Schloss op 1st"]
[Site "Heusenstamm"]
[Date "2014.11.21"]
[Round "2.29"]
[White "Rosenberger, Frank"]
[Black "Maar, Samuel"]
[Result "0-1"]
[WhiteElo "2067"]
[BlackElo "1892"]
[PlyCount "58"]
[EventDate "2014.11.??"]
[EventType "swiss"]
[EventRounds "7"]
[EventCountry "GER"]
[WhiteTeam "SK 1980 Gernsheim"]
[BlackTeam "SC Kaufungen"]

1. e4 e5 2. Nf3 d6 3. Bc4 c6 4. d4 d5 5. exd5 e4 6. Ne5 cxd5 7. Bb5+ Nd7 8. O-O
a6 9. Ba4 b5 10. Bb3 Nxe5 11. dxe5 Bb7 12. f3 Bc5+ 13. Kh1 e3 14. Nc3 Ne7 15.
Qd3 Bb6 16. Rd1 d4 17. Ne4 O-O 18. Ng5 Ng6 19. Nxf7 Rxf7 20. Bxf7+ Kxf7 21.
Qf5+ Kg8 22. Bxe3 Qe7 23. Bxd4 Rf8 24. Qd3 Nf4 25. Qf1 Bxd4 26. Rxd4 Nxg2 27.
Rd3 Nh4 28. Qh3 Nxf3 29. Qd7 Nxe5+ 0-1

[Event "Schloss op 1st"]
[Site "Heusenstamm"]
[Date "2014.11.21"]
[Round "2.30"]
[White "Foskanjan, Serschik"]
[Black "Pap, Misa"]
[Result "0-1"]
[WhiteElo "1888"]
[BlackElo "2473"]
[PlyCount "62"]
[EventDate "2014.11.??"]
[EventType "swiss"]
[EventRounds "7"]
[EventCountry "GER"]
[WhiteTeam "SV Mainz Mombach"]
[BlackTeam "Sfr Korbach"]

1. e4 c5 2. f4 Nc6 3. Nf3 g6 4. Bc4 Bg7 5. O-O Na5 6. Na3 Nxc4 7. Nxc4 d5 8.
exd5 Qxd5 9. Ne3 Qd6 10. Ng5 Nf6 11. d3 Bd7 12. Nc4 Qc7 13. Ne5 O-O 14. Nxd7
Qxd7 15. Qf3 e6 16. a4 Rac8 17. Ra3 c4 18. Qe2 cxd3 19. Qxd3 Qxd3 20. cxd3 Nd5
21. Rb3 b6 22. Nf3 Rc2 23. Ne5 Rfc8 24. Nc4 Bd4+ 25. Kh1 Ne7 26. Bd2 R8xc4 27.
dxc4 Rxd2 28. Rb5 a6 29. Rb3 Nc6 30. Ra3 Bxb2 31. Ra2 Nb4 0-1

[Event "Schloss op 1st"]
[Site "Heusenstamm"]
[Date "2014.11.21"]
[Round "2.31"]
[White "Dorst, Johannes"]
[Black "Zirlik, Rudi"]
[Result "1-0"]
[WhiteElo "2254"]
[BlackElo "1993"]
[PlyCount "117"]
[EventDate "2014.11.??"]
[EventType "swiss"]
[EventRounds "7"]
[EventCountry "GER"]
[WhiteTeam "SK Marburg 1931/72"]
[BlackTeam "SV Unterkochen"]

1. e4 c5 2. Nf3 d6 3. Bb5+ Bd7 4. Bxd7+ Nxd7 5. c4 Ngf6 6. Nc3 g6 7. d4 cxd4 8.
Nxd4 Bg7 9. O-O O-O 10. Be3 Ne5 11. b3 Neg4 12. Bg5 Qa5 13. Bd2 Qb6 14. Nde2
Qc6 15. h3 Ne5 16. Qc2 Rac8 17. Rac1 Qd7 18. Be3 b6 19. Rfd1 Qb7 20. f3 Nfd7
21. Qd2 Nc5 22. Rb1 f5 23. Qd5+ Qxd5 24. Nxd5 Rce8 25. exf5 Rxf5 26. Nd4 Rf7
27. Nb5 Nc6 28. Nbc7 Rc8 29. b4 Na4 30. Rb3 a5 31. b5 Nb4 32. Nxb6 Rxc7 33.
Nxa4 Rxc4 34. b6 Nc6 35. Rc1 Rxc1+ 36. Bxc1 Bd4+ 37. Kf1 Rf8 38. Bd2 Rb8 39.
Ke2 Kf7 40. Kd3 Ke6 41. Rb5 Bf2 42. Rb2 Bd4 43. Rc2 Bc5 44. Nxc5+ dxc5 45. Kc4
Rxb6 46. Kxc5 Rb8 47. Bf4 Rc8 48. Kb6 Kd7 49. Rd2+ Ke6 50. Kb7 Rf8 51. Bh6 Rg8
52. Kxc6 g5 53. f4 gxf4 54. Bxf4 Kf5 55. g3 e5 56. Rd5 Re8 57. Rxa5 Ke4 58.
Rxe5+ Rxe5 59. Bxe5 1-0

[Event "Schloss op 1st"]
[Site "Heusenstamm"]
[Date "2014.11.21"]
[Round "2.32"]
[White "Modanese, Augusto"]
[Black "Schupp, Tobias"]
[Result "0-1"]
[WhiteElo "1875"]
[BlackElo "2130"]
[PlyCount "82"]
[EventDate "2014.11.??"]
[EventType "swiss"]
[EventRounds "7"]
[EventCountry "GER"]
[BlackTeam "SK Niederbrechen 1948"]

1. d4 Nf6 2. Nf3 c5 3. e3 e6 4. Nbd2 b6 5. Bd3 Ba6 6. Bxa6 Nxa6 7. c3 Be7 8.
O-O O-O 9. Qe2 Nc7 10. e4 d5 11. Rd1 Qc8 12. e5 Nd7 13. Nf1 Qa6 14. Ng3 Qxe2
15. Nxe2 Rfc8 16. Bf4 b5 17. dxc5 Nxc5 18. Ned4 Na4 19. Rab1 Bc5 20. Nb3 Bb6
21. Nfd4 Bxd4 22. Nxd4 Rcb8 23. Be3 Na6 24. Nc6 Rb7 25. Nb4 Nxb4 26. cxb4 Rc8
27. Rdc1 Rbc7 28. Rxc7 Rxc7 29. Rc1 Rxc1+ 30. Bxc1 f6 31. exf6 gxf6 32. Kf1 e5
33. Ke2 Kf7 34. Kd3 Ke6 35. b3 Nb6 36. Be3 d4 37. Bh6 Nd5 38. Bd2 Kf5 39. g3
Kg4 40. Ke4 Nc3+ 41. Kd3 Kf3 0-1

[Event "Schloss op 1st"]
[Site "Heusenstamm"]
[Date "2014.11.21"]
[Round "2.33"]
[White "Benninger, Rudolf"]
[Black "Fuessel, Jan Michael"]
[Result "1-0"]
[WhiteElo "2087"]
[BlackElo "1565"]
[PlyCount "53"]
[EventDate "2014.11.??"]
[EventType "swiss"]
[EventRounds "7"]
[EventCountry "GER"]
[WhiteTeam "SC Heusenstamm"]
[BlackTeam "VSG 1880 Offenbach"]

1. e4 c5 2. c3 Nf6 3. e5 Nd5 4. d4 e6 5. Nf3 Nc6 6. c4 Nb6 7. d5 exd5 8. cxd5
Ne7 9. d6 Nc6 10. Nc3 h6 11. Nb5 Bxd6 12. Qxd6 Qe7 13. Nc7+ Kd8 14. Qxe7+ Nxe7
15. Nxa8 Nxa8 16. Bd3 Re8 17. O-O Nc6 18. Re1 Nb6 19. Bf4 Nd5 20. Bg3 Ncb4 21.
Be4 Nc7 22. a3 Nc6 23. Rad1 Ne6 24. Bxc6 bxc6 25. Re3 Kc7 26. Red3 f5 27. exf6+
1-0

[Event "Schloss op 1st"]
[Site "Heusenstamm"]
[Date "2014.11.21"]
[Round "2.34"]
[White "Brockhaus, Bernd"]
[Black "Sanati, Charlotte"]
[Result "0-1"]
[WhiteElo "2056"]
[BlackElo "1776"]
[PlyCount "75"]
[EventDate "2014.11.??"]
[EventType "swiss"]
[EventRounds "7"]
[EventCountry "GER"]
[WhiteTeam "SV Turm Kamp Lintfort"]
[BlackTeam "SG Trier"]

1. f4 Nf6 2. Nf3 d5 3. e3 g6 4. c4 c6 5. b3 Bg7 6. Bb2 O-O 7. Be2 Bg4 8. Ne5
Bxe2 9. Qxe2 Nbd7 10. O-O e6 11. d3 c5 12. Nd2 Nxe5 13. Bxe5 Qe7 14. Rad1 Rad8
15. e4 d4 16. Bxf6 Bxf6 17. e5 Bg7 18. Ne4 b6 19. Rde1 f6 20. exf6 Bxf6 21. Qg4
Kh8 22. Re2 Rde8 23. Rfe1 Bh4 24. g3 Bf6 25. Nd2 Qd7 26. h3 Re7 27. Rxe6 Rfe8
28. Rxe7 Rxe7 29. Rxe7 Qxe7 30. Ne4 Kg7 31. Kg2 h5 32. Qc8 g5 33. Qf5 gxf4 34.
Qxf4 Be5 35. Qf5 Kh6 36. h4 Qg7 37. Ng5 Bf6 38. Qe6 $138 0-1

[Event "Schloss op 1st"]
[Site "Heusenstamm"]
[Date "2014.11.21"]
[Round "2.35"]
[White "Voeller, Lothar"]
[Black "Syed, Tareq"]
[Result "0-1"]
[WhiteElo "1715"]
[BlackElo "2033"]
[PlyCount "58"]
[EventDate "2014.11.??"]
[EventType "swiss"]
[EventRounds "7"]
[EventCountry "GER"]
[WhiteTeam "FS Dortmund"]
[BlackTeam "SC Brett vorm Kopp Ffm"]

1. b3 Nh6 2. Bb2 f6 3. g3 d5 4. Bg2 e5 5. e3 c6 6. Ne2 Bd6 7. O-O Be6 8. f4 O-O
9. fxe5 fxe5 10. Rxf8+ Qxf8 11. Qf1 Qe7 12. Bh3 Nd7 13. Nbc3 Rf8 14. Bxe6+ Qxe6
15. Qg2 Qg6 16. d3 Ng4 17. Nd1 Be7 18. Nec3 h5 19. Nxd5 cxd5 20. Qxd5+ Qf7 21.
Nc3 Nxe3 22. Qxf7+ Rxf7 23. Ne4 Nc5 24. Bxe5 Nxe4 25. dxe4 Bc5 26. Kh1 Ng4 27.
Bf4 g5 28. Bxg5 Rf2 29. Kg1 Nxh2 0-1

[Event "Schloss op 1st"]
[Site "Heusenstamm"]
[Date "2014.11.21"]
[Round "2.36"]
[White "Roytblat, David"]
[Black "Lanz, Udo"]
[Result "1/2-1/2"]
[WhiteElo "1042"]
[BlackElo "1885"]
[PlyCount "51"]
[EventDate "2014.11.??"]
[EventType "swiss"]
[EventRounds "7"]
[EventCountry "GER"]
[WhiteTeam "SC Heusenstamm"]
[BlackTeam "VSG 1880 Offenbach"]

1. e4 c5 2. Nf3 Nc6 3. Nc3 g6 4. Bc4 Nf6 5. d4 cxd4 6. Nxd4 Ne5 7. Bb3 Bg7 8.
Bf4 d6 9. h3 O-O 10. O-O Ned7 11. Re1 e5 12. Bg5 exd4 13. Qxd4 Qb6 14. Qxb6
Nxb6 15. Rad1 Bd7 16. Rxd6 Bc6 17. Bxf6 Nc8 18. Bxg7 Kxg7 19. Rd2 Re8 20. Rde2
Nb6 21. Nd5 Nxd5 22. exd5 Rxe2 23. Rxe2 Re8 24. Rxe8 Bxe8 25. f3 Kf6 26. Kf2
1/2-1/2

[Event "Schloss op 1st"]
[Site "Heusenstamm"]
[Date "2014.11.21"]
[Round "2.37"]
[White "Modric, Vladimir"]
[Black "Burow, Roger"]
[Result "1-0"]
[WhiteElo "1888"]
[BlackElo "1628"]
[PlyCount "75"]
[EventDate "2014.11.??"]
[EventType "swiss"]
[EventRounds "7"]
[EventCountry "GER"]
[WhiteTeam "SC 1965 Koenig Nied"]
[BlackTeam "SV 1920 Kelsterbach"]

1. Nf3 Nf6 2. g3 c6 3. Bg2 d5 4. d3 Bg4 5. Nbd2 e6 6. O-O Bc5 7. h3 Bf5 8. c3
Nbd7 9. b4 Bd6 10. a4 Qc7 11. Bb2 Bxg3 12. fxg3 Qxg3 13. Qe1 Qc7 14. e4 dxe4
15. dxe4 Bg6 16. Qe3 h6 17. c4 O-O 18. Nh4 Bh7 19. Rad1 a6 20. Nb3 Ne8 21. c5
e5 22. Nf5 f6 23. Nd6 b6 24. Qd3 Nb8 25. h4 Ra7 26. Bh3 b5 27. axb5 axb5 28.
Na5 Na6 29. Bc3 Kh8 30. Nxe8 Rxe8 31. Qd7 Rf8 32. Qxc7 Rxc7 33. Bxe5 Bxe4 34.
Bxc7 Nxc7 35. Bg2 Bxg2 36. Kxg2 Nd5 37. Nxc6 Ne3+ 38. Kf3 1-0

[Event "Schloss op 1st"]
[Site "Heusenstamm"]
[Date "2014.11.21"]
[Round "2.38"]
[White "Haftmann, Rainer"]
[Black "Lutwitzi, Klaus"]
[Result "1/2-1/2"]
[WhiteElo "1884"]
[BlackElo "1620"]
[PlyCount "134"]
[EventDate "2014.11.??"]
[EventType "swiss"]
[EventRounds "7"]
[EventCountry "GER"]
[WhiteTeam "SG 1945 Dietzenbach"]

1. e4 c5 2. Nf3 e6 3. d4 cxd4 4. Nxd4 a6 5. a3 b6 6. Nc3 Bb7 7. Be2 d6 8. O-O
Nd7 9. f4 Ngf6 10. Bf3 Be7 11. Be3 Rc8 12. Qe2 Qc7 13. Rae1 O-O 14. Bf2 Rfe8
15. Kh1 e5 16. fxe5 Nxe5 17. Nf5 Bf8 18. Bd4 g6 19. Ne3 b5 20. Bxe5 Rxe5 21.
Ng4 Nxg4 22. Bxg4 Rce8 23. Qd3 Bg7 24. Re2 R8e7 25. Rfe1 Qc5 26. Bf3 R5e6 27.
Nd1 Qd4 28. Qxd4 Bxd4 29. c3 Bf6 30. Nf2 Bh4 31. g3 Bf6 32. Kg1 h5 33. Kf1 a5
34. Nd3 Be5 35. Rd1 Rf6 36. Rf2 Kg7 37. Bg2 Rxf2+ 38. Nxf2 Bc8 39. Nd3 Bg4 40.
Rd2 Be6 41. Kf2 f5 42. exf5 Bxf5 43. Nf4 Bd7 44. Bd5 Kh6 45. Nd3 Bf6 46. Re2
Bf5 47. Rxe7 Bxe7 48. Nf4 Bf6 49. Bc6 b4 50. axb4 axb4 51. cxb4 Bxb2 52. Ne2
Ba3 53. b5 Bc5+ 54. Ke1 Bd3 55. Kd2 Bc4 56. Ke1 d5 57. h4 d4 58. Nf4 d3 59. Kd1
Bb6 60. Be4 Bxb5 61. Bxd3 Bxd3 62. Nxd3 Bc7 63. Nf4 g5 64. hxg5+ Kxg5 65. Ne2
Kg4 66. Ke1 Kf3 67. Kf1 Bb6 1/2-1/2

[Event "Schloss op 1st"]
[Site "Heusenstamm"]
[Date "2014.11.21"]
[Round "2.39"]
[White "Muegendt, Brian Christopher"]
[Black "Eg, Karlheinz"]
[Result "1/2-1/2"]
[WhiteElo "1622"]
[BlackElo "1877"]
[PlyCount "37"]
[EventDate "2014.11.??"]
[EventType "swiss"]
[EventRounds "7"]
[EventCountry "GER"]
[WhiteTeam "SC Heusenstamm"]
[BlackTeam "SV Ruesselsheim"]

1. e4 e5 2. Nc3 Nc6 3. f4 exf4 4. Nf3 Be7 5. d4 Bh4+ 6. Ke2 d6 7. Bxf4 Bg4 8.
h3 Bxf3+ 9. gxf3 Nf6 10. Rg1 Nh5 11. Bh2 O-O 12. Qd2 Qf6 13. Rd1 Rae8 14. Nd5
Rxe4+ 15. fxe4 Qf2+ 16. Kd3 Qxd4+ 17. Ke2 Qf2+ 18. Kd3 Qd4+ 19. Ke2 1/2-1/2

[Event "Schloss op 1st"]
[Site "Heusenstamm"]
[Date "2014.11.21"]
[Round "2.40"]
[White "Budde, Michael"]
[Black "Wilk, David"]
[Result "1-0"]
[WhiteElo "1876"]
[BlackElo "1525"]
[PlyCount "67"]
[EventDate "2014.11.??"]
[EventType "swiss"]
[EventRounds "7"]
[EventCountry "GER"]
[WhiteTeam "SC Floersheim 1921"]
[BlackTeam "SF Mainz"]

1. d4 d5 2. Bf4 Nf6 3. e3 e6 4. Bd3 Nbd7 5. Nd2 Be7 6. h3 a6 7. Ngf3 c5 8. c3
c4 9. Bc2 b5 10. e4 dxe4 11. Nxe4 Bb7 12. Nd6+ Bxd6 13. Bxd6 Qb6 14. Bh2 O-O
15. O-O Rad8 16. Ne5 Nxe5 17. Bxe5 Qc6 18. f3 Nd5 19. Qe1 f5 20. Qg3 Rd7 21. a3
Rdf7 22. Rfe1 f4 23. Qh4 h6 24. Be4 Qd7 25. Bg6 Re7 26. Re4 Ne3 27. Rxf4 Nf5
28. Qh5 Bc8 29. g4 Nxd4 30. Rxf8+ Kxf8 31. Bxd4 Qc7 32. Qe5 Qc6 33. Bc5 Qxf3
34. Rf1 1-0

[Event "Schloss op 1st"]
[Site "Heusenstamm"]
[Date "2014.11.21"]
[Round "2.42"]
[White "Willenbring, Jens Dirk"]
[Black "Weiland, Thomas"]
[Result "0-1"]
[WhiteElo "1577"]
[BlackElo "1847"]
[PlyCount "82"]
[EventDate "2014.11.??"]
[EventType "swiss"]
[EventRounds "7"]
[EventCountry "GER"]
[WhiteTeam "Bad Vilbeler Sfr 1985"]
[BlackTeam "SV Oberursel"]

1. d4 f5 2. Nf3 Nf6 3. g3 g6 4. Bg2 Bg7 5. O-O O-O 6. c4 d6 7. b3 Qe8 8. Bb2 c6
9. Nbd2 Nbd7 10. Re1 e5 11. dxe5 dxe5 12. Qc2 e4 13. Nd4 e3 14. Nf1 exf2+ 15.
Kxf2 Ng4+ 16. Kg1 Ne3 17. Qd3 Nxg2 18. Kxg2 f4 19. Qd2 Qe4+ 20. Nf3 Bxb2 21.
Qxb2 c5 22. Qd2 Nb6 23. Qd3 Qc6 24. Rad1 fxg3 25. Nxg3 Bg4 26. Rf1 Rae8 27. Qd6
Qc8 28. Ng1 Nd7 29. Rxf8+ Rxf8 30. h3 Rf6 31. Qe7 Qc6+ 32. Qe4 Be6 33. Qxc6
bxc6 34. Rd6 Bxh3+ 35. Nxh3 Rxd6 36. Ne4 Rd1 37. Kf2 Ra1 38. a4 h6 39. Nf4 Kf7
40. Nd6+ Kf6 41. e4 Ke5 0-1

[Event "Schloss op 1st"]
[Site "Heusenstamm"]
[Date "2014.11.21"]
[Round "2.43"]
[White "Schindelmeiser, Frank"]
[Black "Held, Gerd"]
[Result "1-0"]
[WhiteElo "1834"]
[BlackElo "1454"]
[PlyCount "43"]
[EventDate "2014.11.??"]
[EventType "swiss"]
[EventRounds "7"]
[EventCountry "GER"]
[WhiteTeam "SV Oberursel"]
[BlackTeam "SC Gross Zimmern"]

1. c4 c5 2. g3 g6 3. Bg2 Bg7 4. Nc3 Nf6 5. d3 d6 6. e4 O-O 7. Nge2 Nc6 8. O-O
a6 9. f4 Rb8 10. h3 b5 11. e5 Nxe5 12. fxe5 dxe5 13. cxb5 axb5 14. Be3 Nd7 15.
Ne4 Bb7 16. Rc1 f5 17. Nxc5 Bxg2 18. Qb3+ Rf7 19. Ne6 Qa5 20. Kxg2 Qa8+ 21. Kg1
Kh8 22. Nc7 1-0

[Event "Schloss op 1st"]
[Site "Heusenstamm"]
[Date "2014.11.21"]
[Round "2.46"]
[White "Rapp, Matthias"]
[Black "Blank, Stefan"]
[Result "1-0"]
[WhiteElo "1485"]
[BlackElo "1808"]
[PlyCount "67"]
[EventDate "2014.11.??"]
[EventType "swiss"]
[EventRounds "7"]
[EventCountry "GER"]
[WhiteTeam "TSV Schott Mainz"]
[BlackTeam "SC Sulzbach"]

1. e4 c5 2. Nf3 g6 3. d4 Bg7 4. Bc4 cxd4 5. Nxd4 Qa5+ 6. c3 Nc6 7. O-O Qc5 8.
Nxc6 Qxc4 9. Nd4 d6 10. Nd2 Qc7 11. N2f3 Nf6 12. Re1 O-O 13. h3 Nd7 14. Bg5 Re8
15. Qd2 Nc5 16. Bh6 Bd7 17. Rac1 Nd3 18. Qxd3 Bxh6 19. Rcd1 a6 20. e5 Bf4 21.
e6 fxe6 22. Nxe6 Bxe6 23. Rxe6 Qc5 24. Rde1 Bh6 25. Rxg6+ Bg7 26. Rg5 e5 27.
Qf5 Qc8 28. Qf6 Qd7 29. Rd1 Rad8 30. Rxd6 Kh8 31. Rxg7 Qxd6 32. Rxh7+ Kxh7 33.
Ng5+ Kg8 34. Qf7+ 1-0

[Event "Schloss op 1st"]
[Site "Heusenstamm"]
[Date "2014.11.21"]
[Round "2.47"]
[White "Popp, Johann"]
[Black "Hinrichs, Niklas"]
[Result "0-1"]
[WhiteElo "1453"]
[BlackElo "1802"]
[PlyCount "98"]
[EventDate "2014.11.??"]
[EventType "swiss"]
[EventRounds "7"]
[EventCountry "GER"]
[WhiteTeam "VSG 1880 Offenbach"]
[BlackTeam "SK Bingen"]

1. d4 d5 2. Nf3 Nf6 3. c4 c6 4. e3 e6 5. Nc3 Be7 6. Be2 Nbd7 7. O-O dxc4 8.
Bxc4 b5 9. Be2 a6 10. a3 c5 11. dxc5 Bxc5 12. b4 Be7 13. Bb2 O-O 14. Nd4 Bb7
15. Rc1 Nd5 16. Nxd5 Bxd5 17. Nc6 Qe8 18. Nxe7+ Qxe7 19. Bf3 Bxf3 20. Qxf3 Rfd8
21. Rfd1 Nb6 22. Rxd8+ Rxd8 23. Rd1 Nc4 24. Bc1 Qf6 25. Rxd8+ Qxd8 26. h3 h6
27. g3 Qd3 28. Qa8+ Kh7 29. Qxa6 Qd1+ 30. Kg2 Qxc1 31. Qxb5 Nxa3 32. Qd3+ f5
33. e4 Nc2 34. Qe2 Nxb4 35. exf5 exf5 36. Qe5 Qc6+ 37. Kh2 Qe4 38. Qxe4 fxe4
39. Kg2 Nd3 40. f3 Ne1+ 41. Kf2 Nxf3 42. Ke3 Kg6 43. Kxe4 Ng5+ 44. Kf4 Nxh3+
45. Kg4 Ng5 46. Kf4 Nh7 47. Kg4 Nf6+ 48. Kf4 h5 49. Kf3 Kf5 0-1

[Event "Schloss op 1st"]
[Site "Heusenstamm"]
[Date "2014.11.21"]
[Round "2.49"]
[White "Ruell, Michael"]
[Black "Masoudi, Kian"]
[Result "1-0"]
[WhiteElo "1782"]
[BlackElo "1178"]
[PlyCount "109"]
[EventDate "2014.11.??"]
[EventType "swiss"]
[EventRounds "7"]
[EventCountry "GER"]
[WhiteTeam "SC 1952 Obertshausen"]
[BlackTeam "SC Bergen Enkheim 1922"]

1. d4 d5 2. Nf3 Bg4 3. Bf4 c6 4. Nbd2 Nf6 5. h3 Bh5 6. Ne5 Nbd7 7. Ndf3 Ne4 8.
c3 f6 9. Nd3 g5 10. Bh2 Nb6 11. Qb3 Bh6 12. e3 Bxf3 13. gxf3 Nd6 14. Qd1 Qd7
15. Nc5 Qc7 16. f4 O-O-O 17. fxg5 Rde8 18. h4 Bg7 19. Bh3+ Kb8 20. Ne6 Qc8 21.
Nxg7 Nd7 22. Qg4 Reg8 23. Qxd7 Qxd7 24. Bxd7 Kc7 25. Be6 Rxg7 26. gxf6 exf6 27.
Ke2 Re7 28. Bf5 Rd8 29. Rag1 Kb6 30. Bxd6 Rxd6 31. Rg8 c5 32. Rhg1 h6 33. R1g7
Rc7 34. Rxc7 Kxc7 35. Rc8+ Kb6 36. Re8 cxd4 37. cxd4 Rc6 38. Re6 Kc7 39. Rxc6+
bxc6 40. Kf3 Kd6 41. Kg4 c5 42. Kh5 c4 43. Kxh6 a5 44. Kg7 a4 45. h5 a3 46.
bxa3 c3 47. h6 c2 48. Bxc2 Kc6 49. h7 Kb5 50. h8=Q f5 51. Bd3+ Kc6 52. Qh6+ Kc7
53. Bb5 f4 54. Qc6+ Kb8 55. Ba6 1-0

[Event "Schloss op 1st"]
[Site "Heusenstamm"]
[Date "2014.11.21"]
[Round "2.50"]
[White "Kremenetskiy, Igor"]
[Black "Paeslack, Luis"]
[Result "1/2-1/2"]
[WhiteElo "1345"]
[BlackElo "1777"]
[PlyCount "47"]
[EventDate "2014.11.??"]
[EventType "swiss"]
[EventRounds "7"]
[EventCountry "GER"]
[WhiteTeam "Sfr Heusenstam"]
[BlackTeam "SK Mainaschaff"]

1. e4 e5 2. Nf3 Nc6 3. Bc4 Bc5 4. a3 Nf6 5. d3 a6 6. Nc3 d6 7. h3 h6 8. O-O Be6
9. Bxe6 fxe6 10. Qe2 O-O 11. Be3 Bxe3 12. fxe3 Qe7 13. d4 exd4 14. exd4 e5 15.
d5 Nd4 16. Qd3 Nxf3+ 17. Rxf3 Nd7 18. Raf1 Nc5 19. Qe3 a5 20. b4 axb4 21. axb4
Na6 22. Na2 Rxf3 23. Rxf3 Qd7 24. c3 1/2-1/2

[Event "Schloss op 1st"]
[Site "Heusenstamm"]
[Date "2014.11.21"]
[Round "2.52"]
[White "Wendel, Joachim"]
[Black "Leichum, Engelbert"]
[Result "0-1"]
[WhiteElo "1331"]
[BlackElo "1745"]
[PlyCount "114"]
[EventDate "2014.11.??"]
[EventType "swiss"]
[EventRounds "7"]
[EventCountry "GER"]
[WhiteTeam "SV 1920 Hofheim"]

1. e4 e5 2. Nf3 Nc6 3. Bc4 Nf6 4. Nc3 h6 5. d3 Bc5 6. h3 d6 7. O-O Be6 8. Bb3
Qe7 9. Be3 g5 10. Bxc5 dxc5 11. Nd5 Qd8 12. Nxf6+ Qxf6 13. Bxe6 Qxe6 14. Nd2 h5
15. f3 O-O-O 16. Qe2 Nd4 17. Qd1 Qg6 18. Nc4 Qg7 19. c3 Ne6 20. Qc2 Nf4 21.
Rad1 g4 22. fxg4 hxg4 23. hxg4 Qh6 24. Kf2 Qh4+ 25. Kf3 Rdg8 26. Nxe5 Qg5 27.
Kg3 f6 28. Rxf4 fxe5 29. Rdf1 Qh4+ 30. Kf3 exf4 31. Qb3 Qxg4+ 32. Kf2 Qxg2+ 33.
Ke1 Rh3 34. Qe6+ Kb8 35. Rf2 Re3+ 36. Kd1 Qg1+ 37. Kc2 Qxf2+ 38. Kb3 Qg1 39.
Qd5 f3 40. a4 Qd1+ 41. Ka3 Rc8 42. Qxc5 Rxd3 43. a5 a6 44. e5 f2 45. Qxf2 Rcd8
46. e6 R8d5 47. Qf8+ Ka7 48. Qf2+ c5 49. e7 Qa1+ 50. Kb3 Qd1+ 51. Ka3 Rd2 52.
Qxd2 Rxd2 53. e8=Q Qa1+ 54. Kb3 Qxb2+ 55. Kc4 Rc2 56. Qe5 Qa2+ 57. Kxc5 Qxa5+
0-1